000 00597nam a22001697a 4500
003 OSt
005 20171010095505.0
008 120808t xxu||||| |||| 00| 0 eng d
040 _aMMSU
_cULS
100 _aFlores, Leticia A.
_911896
245 _aHeteosis and inheritance of some quantitative characters in native cigar filler type tobacco (Nicotiana Tabacum L.)
_cLeticia A. Flores
260 _c1981
300 _axvii, 95 leaves
_c28 cm.
500 _aThesis (MS Agronomy) -- University of the Philippines, Los BaƱos, Laguna
504 _aBibliography: leaves 88-95
942 _2ddc
_cTHEDIS
999 _c9672
_d9672